000 00533nam a2200193Ia 4500
005 20250508152158.0
008 008 250505s9999 xx 000 0 eng d
037 _aReference
040 _aFEDL
_beng
_cFEDL
041 _aeng
_2eng
084 _a372.6, STR
_qFEDL
100 _aStrickland Ruth G
_9758120
245 0 _aLanguage arts in the elementary school
250 _a2nd
260 _aBoston, USA
_bD C Heath and Company
_c1957
300 _a464p.
942 _cREF
_h372.6, STR
999 _c1334790
_d1334790